000 00812cam a22002534a 4500
001 13106698
005 20180223075859.0
008 030227s2003 dcua b 000 0 eng
010 _a 2003043973
040 _aDLC
_cDLC
_dDLC
041 _aeng
042 _apcc
043 _an-us---
080 _a362.10973 RUB
082 0 0 _a362.10973 RUB
_221
100 _a3
101 _aSHM
245 0 0 _aMeeting health needs in the 21st century /
_cElaine R. Rubin, Stacey L. Schappert, editors.
246 3 _aMeeting health needs in the twenty-first century
504 _aIncludes bibliographical references.
906 _a7
_bcbc
_corignew
_d1
_eocip
_f20
_gy-gencatlg
942 _2ddc
_cBK
999 _c43279
_d43279